Normal view
MARC view
Entry Personal Name
001 - CONTROL NUMBER
- control field: 23770
003 - CONTROL NUMBER IDENTIFIER
- control field: dpl
005 - DATE AND TIME OF LATEST TRANSACTION
- control field: 20101022123917.0
008 - FIXED-LENGTH DATA ELEMENTS
- fixed length control field: 101022|||a|||||| | ||| d
040 ## - CATALOGING SOURCE
- Original cataloging agency: dpl
- Transcribing agency: dpl
100 ## - HEADING--PERSONAL NAME
- Personal name: कुँवर नारायण
670 ## - SOURCE DATA FOUND
- Source citation: Work cat.: (dpl): कुँवर नारायण, हाशिए का गवाह/, 2009
670 ## - SOURCE DATA FOUND
- Source citation: Work cat.: (dpl): कुँवर नारायण, हाशिए का गवाह/, 2009
